| 000 | 00793nam a22002177a 4500 | ||
|---|---|---|---|
| 999 |
_c11840 _d11840 |
||
| 003 | AR-CdUCM | ||
| 008 | 190405b ||||| |||| 00| 0 spa d | ||
| 040 |
_aMUNICIPALIDAD PROVINCIAL DEL CUSCO _cBIBLIOTECA MUNICIPAL DEL CUSCO |
||
| 082 |
_a800.1/ _bC346 / 1954 |
||
| 100 |
_aCastagnino, Raúl H. _96308 |
||
| 245 |
_a¿Que es literatura? : _bNaturaleza y función de lo literario / |
||
| 260 |
_aBuenos Aires : _bNova, _c1954. |
||
| 300 |
_a130 páginas ; _c21 cm. |
||
| 500 | _aLibro en mal estado. | ||
| 505 | _aContenido: ¿Que es literatura? -- Literatura como sinfronismo -- Literatura, función lúdica -- Literatura es evasión ... | ||
| 650 |
_aLiteratura _983 |
||
| 650 |
_aSiglo XX _98 |
||
| 650 |
_aLiteratura Argentina _984 |
||
| 942 |
_2ddc _cLIBROS |
||
| 945 |
_acmm _d2019-04-05 |
||